রোকেয়া কালে ও কালোওরে / (Record no. 371)
[ view plain ]
| 000 -LEADER | |
|---|---|
| fixed length control field | 00743nam a22002411a 4500 |
| 001 - CONTROL NUMBER | |
| JCCL Control Number | 371 |
| 003 - CONTROL NUMBER IDENTIFIER | |
| JCCL marc code | BD-JhCC |
| 005 - DATE AND TIME OF LATEST TRANSACTION | |
| control field | 20180131123909.0 |
| 008 - FIXED-LENGTH DATA ELEMENTS--GENERAL INFORMATION | |
| fixed length control field | 171004s2000 b |||| ||a| 000 0 ben d |
| 020 ## - INTERNATIONAL STANDARD BOOK NUMBER | |
| International Standard Book Number | 984410162X |
| 035 ## - SYSTEM CONTROL NUMBER | |
| system control number | (BD-JhCC)371 |
| 040 ## - CATALOGING SOURCE | |
| Original cataloging agency | BD-JhCC |
| Modifying agency | BD-JhCC |
| 041 ## - LANGUAGE CODE | |
| Language code of Book | ben |
| 082 ## - DEWEY DECIMAL CLASSIFICATION NUMBER | |
| Author mark and Year | HAS 2000 |
| Classification number | 891.4409 |
| 100 ## - MAIN ENTRY--PERSONAL NAME | |
| Personal name | হাসান,মোরেশদ শিফিউল |
| 245 ## - TITLE STATEMENT | |
| Title | রোকেয়া কালে ও কালোওরে / |
| Statement of responsibility, etc | মোরশেদ শফিউল হাসান |
| 260 ## - PUBLICATION, DISTRIBUTION, ETC. (IMPRINT) | |
| Place of publication, distribution, etc | ঢাকা: |
| Name of publisher, distributor, etc | মাওলা ব্রাদাস, |
| Date of publication, distribution, etc | 2000 |
| 300 ## - PHYSICAL DESCRIPTION | |
| Pagination | 54 p.: |
| Dimensions | 22 cm. |
| 500 ## - GENERAL NOTE | |
| General note | include index |
| 650 ## - SUBJECT ADDED ENTRY--TOPICAL TERM | |
| Topical term or geographic name as entry element | Bangli Novel |
| 942 ## - ADDED ENTRY ELEMENTS (KOHA) | |
| Source of classification or shelving scheme | Dewey Decimal Classification |
| Koha item type | Books |
| Source of classification or shelving scheme | Damaged status | Not for loan | Home library | Current library | Shelving location | Date of accession | Cost, normal purchase price | Total Checkouts | Full call number | Barcode | Date last seen | Copy number | Koha item type |
|---|---|---|---|---|---|---|---|---|---|---|---|---|---|
| Dewey Decimal Classification | JCC Rouf Library | JCC Rouf Library | General Stacks | 10/04/2017 | 50.00 | 891.4409 HAS 2000 | 1533 | 10/04/2017 | C-1 | Books | |||
| Dewey Decimal Classification | JCC Rouf Library | JCC Rouf Library | General Stacks | 10/23/2017 | 50.00 | 891.4409 HAS 2000 | 3118 | 10/23/2017 | C-2 | Books |